[Event "CZE-chT1W 2223"]
[Site "Czech Republic"]
[Date "2023.04.02"]
[Round "11.1"]
[White "Petr, Martin"]
[Black "Svoboda, Svatopluk"]
[Result "1/2-1/2"]
[WhiteElo "2495"]
[BlackElo "2398"]
[PlyCount "107"]
[EventDate "2022.10.09"]
[EventType "team-tourn"]
[EventRounds "11"]
[EventCountry "CZE"]
[SourceTitle "EXT 2024"]
[Source "ChessBase"]
[SourceDate "2023.10.10"]
[SourceVersion "1"]
[SourceVersionDate "2023.10.10"]
[SourceQuality "1"]
[WhiteTeam "Litomerice Slavoj"]
[BlackTeam "Pankrac"]
[WhiteTeamCountry "CZE"]
[BlackTeamCountry "CZE"]

1. Nf3 Nf6 2. g3 d5 3. Bg2 g6 4. c4 Bg7 5. cxd5 Nxd5 6. Nc3 Nb6 7. d3 Nc6 8. 0-0 0-0 9. Bd2 e5 10. Rc1 Nd4 11. Nxd4 exd4 12. Ne4 h6 13. Nc5 c6 14. Qb3 Qe7 15. Rfe1 Rd8 16. Ba5 Re8 17. a4 Nd7 18. Bb4 Nxc5 19. Bxc5 Be6 20. Qb4 Qd7 21. a5 a6 22. Bf3 h5 23. h4 Kh7 24. Ra1 Bd5 25. Bxd5 Qxd5 26. Qc4 Qe5 27. b4 Kg8 28. Rad1 Rad8 29. Bb6 Rd5 30. e3 dxe3 31. Rxe3 Qb8 32. Rde1 Rxe3 33. Rxe3 Re5 34. Re4 Qd6 35. Be3 Qd5 36. Rd4 Qf3 37. Rf4 Qd5 38. Rd4 Qf3 39. Re4 Rxe4 40. Qxe4 Qxe4 41. dxe4 Bc3 42. Bc5 f5 43. Kf1 Kf7 44. exf5 gxf5 45. f3 Ke6 46. Kf2 Be5 47. Kg2 Bc3 48. Kh3 Kf6 49. g4 Kg6 50. Kg3 Be1+ 51. Kf4 Bd2+ 52. Kg3 Be1+ 53. Kf4 Bd2+ 54. Kg3 1/2-1/2

[Event "CZE-chT1W 2122"]
[Site "Czech Republic"]
[Date "2021.10.10"]
[Round "1.3"]
[White "Svoboda, Svatopluk"]
[Black "Vlasak, Lukas"]
[Result "1/2-1/2"]
[WhiteElo "2409"]
[BlackElo "2438"]
[PlyCount "26"]
[EventDate "2021.10.10"]
[EventType "team-tourn"]
[EventRounds "11"]
[EventCountry "CZE"]
[SourceTitle "EXT 2023"]
[Source "ChessBase"]
[SourceDate "2022.10.05"]
[SourceVersion "1"]
[SourceVersionDate "2022.10.05"]
[SourceQuality "1"]
[WhiteTeam "Pankrac"]
[BlackTeam "Ricany Betsys"]
[WhiteTeamCountry "CZE"]
[BlackTeamCountry "CZE"]

1. e4 c5 2. Nf3 d6 3. d4 cxd4 4. Qxd4 Nc6 5. Bb5 Bd7 6. Bxc6 Bxc6 7. Nc3 Nf6 8. Bg5 e6 9. 0-0-0 Be7 10. Rhe1 0-0 11. e5 dxe5 12. Qh4 Qc7 13. Nxe5 Rfd8 1/2-1/2

[Event "CZE-chT2A 1920"]
[Site "Czech Republic"]
[Date "2019.12.01"]
[Round "4.1"]
[White "Svoboda, Svatopluk"]
[Black "Lacina, Adolf"]
[Result "1-0"]
[WhiteElo "2411"]
[BlackElo "2224"]
[PlyCount "43"]
[EventDate "2019.10.13"]
[EventType "team-tourn"]
[EventRounds "11"]
[EventCountry "CZE"]
[SourceTitle "EXT 2024"]
[Source "ChessBase"]
[SourceDate "2023.10.10"]
[SourceVersion "1"]
[SourceVersionDate "2023.10.10"]
[SourceQuality "1"]
[WhiteTeam "Praha Bohemians"]
[BlackTeam "Strakonice"]
[WhiteTeamCountry "CZE"]
[BlackTeamCountry "CZE"]

1. e4 e6 2. d4 d5 3. e5 c5 4. c3 Nc6 5. Nf3 Qb6 6. Bd3 Nh6 7. dxc5 Bxc5 8. 0-0 Bd7 9. b4 Be7 10. Na3 0-0 11. Qc2 Nf5 12. b5 Na5 13. g4 Nh4 14. Nxh4 Bxh4 15. g5 Qc5 16. Bxh7+ Kh8 17. Bd3 Rfc8 18. Qe2 Kg8 19. Nc2 Nc4 20. Qh5 Nxe5 21. Qh7+ Kf8 22. Ba3 1-0

[Event "CZE-chT1W 1819"]
[Site "Czech Republic"]
[Date "2019.02.03"]
[Round "7.2"]
[White "Kraus, Tomas"]
[Black "Svoboda, Svatopluk"]
[Result "1-0"]
[WhiteElo "2451"]
[BlackElo "2438"]
[PlyCount "77"]
[EventDate "2018.10.21"]
[EventType "team-tourn"]
[EventRounds "11"]
[EventCountry "CZE"]
[SourceTitle "CBM 188 Extra"]
[Source "ChessBase"]
[SourceDate "2019.02.26"]
[SourceVersion "1"]
[SourceVersionDate "2019.02.26"]
[SourceQuality "1"]
[WhiteTeam "Turnov Zikuda II"]
[BlackTeam "Pankrac"]
[WhiteTeamCountry "CZE"]
[BlackTeamCountry "CZE"]

1. d4 e6 2. c4 d5 3. Nc3 a6 4. Nf3 Nf6 5. Bg5 dxc4 6. a4 c5 7. e3 Qa5 8. Bxf6 gxf6 9. Bxc4 Rg8 10. 0-0 Nd7 11. Qd3 cxd4 12. exd4 Qh5 13. Rfe1 Nb6 14. Bb3 Qg6 15. Qf1 Bd7 16. a5 Nc8 17. g3 Nd6 18. Rac1 Bh6 19. Rc2 Qf5 20. Qe2 Kf8 21. d5 e5 22. Ba4 Bc8 23. Nd2 Bxd2 24. Rxd2 Qh3 25. Ne4 Nxe4 26. Qxe4 Rg4 27. Qc2 Bf5 28. Qd1 h5 29. Bc2 Bd7 30. Be4 Rg5 31. Bg2 Qf5 32. Qb3 h4 33. Qxb7 Rc8 34. Qxa6 h3 35. Be4 Qf4 36. Rde2 Rc1 37. Qd6+ Kg7 38. Qxd7 f5 39. Kf1 1-0

[Event "CZE-chT1W 1819"]
[Site "Czech Republic"]
[Date "2019.01.06"]
[Round "5.2"]
[White "Votava, Jan"]
[Black "Svoboda, Svatopluk"]
[Result "1/2-1/2"]
[WhiteElo "2527"]
[BlackElo "2438"]
[PlyCount "83"]
[EventDate "2018.10.21"]
[EventType "team-tourn"]
[EventRounds "11"]
[EventCountry "CZE"]
[SourceTitle "CBM 188 Extra"]
[Source "ChessBase"]
[SourceDate "2019.02.26"]
[SourceVersion "1"]
[SourceVersionDate "2019.02.26"]
[SourceQuality "1"]
[WhiteTeam "Polabiny"]
[BlackTeam "Pankrac"]
[WhiteTeamCountry "CZE"]
[BlackTeamCountry "CZE"]

1. d4 g6 2. c4 f5 3. Nc3 Nf6 4. g3 Bg7 5. Bg2 0-0 6. Nf3 d6 7. 0-0 Nc6 8. b3 e5 9. dxe5 dxe5 10. Ba3 Re8 11. Qxd8 Rxd8 12. Rad1 e4 13. Rxd8+ Nxd8 14. Rd1 Ne6 15. Ne1 c6 16. Bb2 Ng4 17. Nc2 Kf7 18. f3 exf3 19. exf3 Ne5 20. f4 Ng4 21. h3 Nf6 22. Na4 h6 23. Nb4 Ne4 24. Bxg7 Nxg7 25. Kh2 Nf6 26. Nd3 Nd7 27. Kg1 Ne6 28. Kf2 Kf6 29. Ke3 Ndf8 30. h4 Bd7 31. Ne5 Be8 32. Nd3 Rd8 33. Nf2 Nd7 34. g4 fxg4 35. Nxg4+ Kg7 36. Nf2 Kf8 37. Bh3 Bf7 38. Ne4 Ke7 39. Rd2 b6 40. b4 Ng7 41. c5 bxc5 42. bxc5 1/2-1/2

[Event "CZE-chT 1819"]
[Site "Czech Republic"]
[Date "2018.12.01"]
[Round "3.2"]
[White "Svoboda, Svatopluk"]
[Black "Oral, Tomas"]
[Result "1/2-1/2"]
[WhiteElo "2438"]
[BlackElo "2509"]
[PlyCount "44"]
[EventDate "2018.11.03"]
[EventType "team-tourn"]
[EventRounds "11"]
[EventCountry "CZE"]
[SourceTitle "CBM 187 Extra"]
[Source "ChessBase"]
[SourceDate "2018.11.04"]
[SourceVersion "1"]
[SourceVersionDate "2018.11.04"]
[SourceQuality "1"]
[WhiteTeam "Unichess"]
[BlackTeam "Lysa nad Labem"]
[WhiteTeamCountry "CZE"]
[BlackTeamCountry "CZE"]

1. e4 c5 2. Nf3 e6 3. d4 cxd4 4. Nxd4 Nc6 5. Nc3 Qc7 6. Be3 a6 7. Qd2 Nf6 8. 0-0-0 Be7 9. f3 b5 10. Nxc6 dxc6 11. g4 e5 12. h4 Be6 13. Bh3 0-0 14. g5 Nh5 15. Qg2 Bxh3 16. Qxh3 Rad8 17. Rxd8 Rxd8 18. Rd1 g6 19. Rxd8+ Qxd8 20. Nd1 h6 21. Qg4 hxg5 22. hxg5 Ng7 1/2-1/2

[Event "SVK-chT 1819"]
[Site "Slovakia"]
[Date "2018.11.10"]
[Round "1.4"]
[White "Vajda, Levente"]
[Black "Svoboda, Svatopluk"]
[Result "1-0"]
[WhiteElo "2547"]
[BlackElo "2425"]
[PlyCount "59"]
[EventDate "2018.11.10"]
[EventType "team-tourn"]
[EventRounds "11"]
[EventCountry "SVK"]
[SourceTitle "CBM 187 Extra"]
[Source "ChessBase"]
[SourceDate "2018.11.04"]
[SourceVersion "1"]
[SourceVersionDate "2018.11.04"]
[SourceQuality "1"]
[WhiteTeam "Dunajska Streda"]
[BlackTeam "Komarno"]
[WhiteTeamCountry "SVK"]
[BlackTeamCountry "SVK"]

1. Nf3 g6 2. e4 c5 3. c3 d5 4. exd5 Qxd5 5. d4 Bg7 6. dxc5 Qxc5 7. Be3 Qc7 8. Na3 a6 9. Nc4 Nd7 10. a4 Nh6 11. a5 Nf5 12. Bb6 Nxb6 13. Nxb6 Rb8 14. Bc4 0-0 15. 0-0 Nd6 16. Bb3 Bg4 17. h3 Bxf3 18. Qxf3 e6 19. Rfd1 Rbd8 20. Qf4 Qe7 21. Qb4 Qc7 22. Ba4 Nc8 23. Nd7 Rfe8 24. Qc5 Qf4 25. Rd3 Bf8 26. Rd4 Bxc5 27. Rxf4 Bd6 28. Rc4 Be7 29. Rc7 Nd6 30. Nb6 1-0

[Event "CZE-chT 1819"]
[Site "Czech Republic"]
[Date "2018.11.03"]
[Round "1.6"]
[White "Kanovsky, David"]
[Black "Svoboda, Svatopluk"]
[Result "1-0"]
[WhiteElo "2414"]
[BlackElo "2438"]
[PlyCount "129"]
[EventDate "2018.11.03"]
[EventType "team-tourn"]
[EventRounds "11"]
[EventCountry "CZE"]
[SourceTitle "CBM 187 Extra"]
[Source "ChessBase"]
[SourceDate "2018.11.04"]
[SourceVersion "1"]
[SourceVersionDate "2018.11.04"]
[SourceQuality "1"]
[WhiteTeam "Poruba Slavoj"]
[BlackTeam "Unichess"]
[WhiteTeamCountry "CZE"]
[BlackTeamCountry "CZE"]

1. c4 c5 2. Nc3 Nc6 3. g3 g6 4. Bg2 Bg7 5. a3 d6 6. Rb1 Bf5 7. d3 Qd7 8. Bd2 Nf6 9. b4 Rc8 10. b5 Nd8 11. e4 Be6 12. Nd5 Bxd5 13. exd5 e6 14. Bh3 Qe7 15. Ne2 Ra8 16. 0-0 exd5 17. Re1 0-0 18. Nc3 Qc7 19. cxd5 b6 20. Qf3 Nb7 21. Bg5 Nd7 22. Re7 f5 23. Qe2 Nd8 24. Ne4 Rf7 25. Nd2 Bf8 26. Re6 Ne5 27. f4 Nd7 28. Nc4 Nb7 29. Bg2 Na5 30. Nd2 c4 31. dxc4 Rc8 32. Kh1 Qc5 33. Qd3 Bg7 34. Be7 Nb7 35. Nf3 Qc7 36. Ng5 Ndc5 37. Qe2 Nxe6 38. Qxe6 Qxe7 39. Nxf7 Re8 40. Nh6+ Kh8 41. Nf7+ Kg8 42. Re1 Kf8 43. Ng5 Qxe6 44. dxe6 Nc5 45. Bc6 Re7 46. Nxh7+ Kg8 47. Ng5 Bf8 48. Bd5 Kg7 49. Kg2 Rc7 50. Nf7 Be7 51. Kf3 Rc8 52. h4 Kf6 53. Ng5 Re8 54. Rh1 Rh8 55. a4 Nb3 56. Kg2 Kg7 57. Nf7 Rh7 58. Rb1 Nc5 59. Ra1 Nb3 60. Ra3 Na5 61. Rd3 Kf6 62. Kf3 Rh5 63. Re3 Rh7 64. Kg2 Rg7 65. Nh6 1-0

[Event "Ceske Budejovice"]
[Site "Ceske Budejovice"]
[Date "2018.06.29"]
[Round "9"]
[White "Mirzoev, Azer"]
[Black "Svoboda, Svatopluk"]
[Result "1/2-1/2"]
[WhiteElo "2506"]
[BlackElo "2434"]
[PlyCount "31"]
[EventDate "2018.06.21"]
[EventType "tourn"]
[EventRounds "9"]
[EventCountry "CZE"]
[EventCategory "9"]
[SourceTitle "CBM 185 Extra"]
[Source "ChessBase"]
[SourceDate "2018.07.29"]
[SourceVersion "1"]
[SourceVersionDate "2018.07.29"]
[SourceQuality "1"]

1. d4 Nf6 2. c4 g6 3. Nc3 d5 4. Nf3 Bg7 5. Bg5 Ne4 6. Bh4 Nxc3 7. bxc3 c5 8. cxd5 Qxd5 9. e3 Nc6 10. Be2 cxd4 11. cxd4 0-0 12. 0-0 Bf5 13. Qb3 Qxb3 14. axb3 Rfc8 15. Rfc1 e5 16. dxe5 1/2-1/2

[Event "Ceske Budejovice"]
[Site "Ceske Budejovice"]
[Date "2018.06.24"]
[Round "4"]
[White "Svoboda, Svatopluk"]
[Black "Stefansson, Hannes"]
[Result "1/2-1/2"]
[WhiteElo "2434"]
[BlackElo "2541"]
[PlyCount "23"]
[EventDate "2018.06.21"]
[EventType "tourn"]
[EventRounds "9"]
[EventCountry "CZE"]
[EventCategory "9"]
[SourceTitle "CBM 185 Extra"]
[Source "ChessBase"]
[SourceDate "2018.07.29"]
[SourceVersion "1"]
[SourceVersionDate "2018.07.29"]
[SourceQuality "1"]

1. e4 e5 2. Nf3 Nc6 3. Bc4 Bc5 4. 0-0 d6 5. c3 Nf6 6. d3 h6 7. Re1 0-0 8. Nbd2 Ne7 9. h3 Ng6 10. Nf1 Bb6 11. Bb3 Be6 12. Bc2 1/2-1/2

[Event "CZE-ch"]
[Site "Ostrava"]
[Date "2018.05.05"]
[Round "8"]
[White "Svoboda, Svatopluk"]
[Black "Kraus, Tomas"]
[Result "1-0"]
[WhiteElo "2401"]
[BlackElo "2429"]
[PlyCount "59"]
[EventDate "2018.04.28"]
[EventType "swiss"]
[EventRounds "9"]
[EventCountry "CZE"]
[SourceTitle "CBM 184 Extra"]
[Source "ChessBase"]
[SourceDate "2018.06.28"]
[SourceVersion "1"]
[SourceVersionDate "2018.06.28"]
[SourceQuality "1"]

1. e4 e5 2. Bc4 Nf6 3. d3 Nc6 4. Nf3 Be7 5. 0-0 0-0 6. Re1 d6 7. a4 Na5 8. Ba2 c5 9. c3 Nc6 10. Na3 Be6 11. Bxe6 fxe6 12. Nc4 Qd7 13. Bd2 Bd8 14. b4 Bc7 15. Qb3 cxb4 16. cxb4 d5 17. exd5 Qxd5 18. Bc3 Ng4 19. h3 Rxf3 20. gxf3 Qxf3 21. hxg4 Rf8 22. Ra2 Qxg4+ 23. Kf1 Qh3+ 24. Ke2 e4 25. Kd1 Bf4 26. Nd2 Rc8 27. Rxe4 Qh1+ 28. Re1 Qh5+ 29. f3 Kh8 30. Qxe6 1-0

[Event "CZE-ch"]
[Site "Ostrava"]
[Date "2018.05.02"]
[Round "5"]
[White "Svoboda, Svatopluk"]
[Black "Riha, Vojtech"]
[Result "1-0"]
[WhiteElo "2401"]
[BlackElo "2141"]
[PlyCount "55"]
[EventDate "2018.04.28"]
[EventType "swiss"]
[EventRounds "9"]
[EventCountry "CZE"]
[SourceTitle "CBM 184 Extra"]
[Source "ChessBase"]
[SourceDate "2018.06.28"]
[SourceVersion "1"]
[SourceVersionDate "2018.06.28"]
[SourceQuality "1"]

1. e4 c5 2. Nf3 Nc6 3. Bb5 g6 4. 0-0 Bg7 5. c3 e5 6. d4 cxd4 7. cxd4 Nxd4 8. Nxd4 exd4 9. e5 Qb6 10. Na3 Kf8 11. Qb3 Bxe5 12. Nc4 Qf6 13. Qb4+ Kg7 14. Re1 Bc7 15. Qc5 Bb6 16. Qa3 Bc7 17. Re8 d6 18. Qg3 h6 19. Bf4 g5 20. Bxd6 Bxd6 21. Nxd6 Ne7 22. Ne4 Qe6 23. Nxg5 hxg5 24. Qxg5+ Ng6 25. Rxe6 Bxe6 26. Bd3 Rhd8 27. f4 f5 28. h4 1-0

[Event "CZE-ch"]
[Site "Ostrava"]
[Date "2018.04.30"]
[Round "3"]
[White "Svoboda, Svatopluk"]
[Black "Plat, Vojtech"]
[Result "0-1"]
[WhiteElo "2401"]
[BlackElo "2566"]
[PlyCount "98"]
[EventDate "2018.04.28"]
[EventType "swiss"]
[EventRounds "9"]
[EventCountry "CZE"]
[SourceTitle "CBM 184 Extra"]
[Source "ChessBase"]
[SourceDate "2018.06.28"]
[SourceVersion "1"]
[SourceVersionDate "2018.06.28"]
[SourceQuality "1"]

1. e4 e5 2. Nf3 d6 3. d4 exd4 4. Nxd4 Nf6 5. Nc3 Be7 6. Bf4 0-0 7. Qd2 c6 8. 0-0-0 b5 9. e5 dxe5 10. Bxe5 b4 11. Nb1 Qd5 12. Qe1 Nbd7 13. Nf5 Qxe5 14. Nxe7+ Kh8 15. Qxe5 Nxe5 16. Nxc8 Raxc8 17. Ba6 Rce8 18. Nd2 Nd5 19. h3 Re6 20. Nb3 Rf6 21. Rhe1 Ng6 22. Rd2 Nh4 23. Bf1 Rg6 24. Nd4 Nxg2 25. Bxg2 Rxg2 26. Nxc6 Nf4 27. h4 h5 28. Nxb4 Rc8 29. Kd1 Rh2 30. f3 Rxh4 31. Nd5 Nxd5 32. Rxd5 g6 33. Re2 Kg7 34. Kd2 Rh3 35. Rf2 h4 36. b3 Rh1 37. Ke3 Re8+ 38. Kf4 Rg1 39. Rh2 Kf6 40. Rd6+ Re6 41. Rxe6+ Kxe6 42. c4 g5+ 43. Ke3 Kf5 44. Rc2 h3 45. c5 Re1+ 46. Kd4 Kf4 47. c6 Re8 48. c7 Rc8 49. Kd5 Kxf3 0-1

[Event "SVK-chT1E 1718"]
[Site "Slovakia"]
[Date "2017.12.02"]
[Round "5.1"]
[White "Svoboda, Svatopluk"]
[Black "Demeter, Peter"]
[Result "1/2-1/2"]
[WhiteElo "2419"]
[BlackElo "2202"]
[PlyCount "48"]
[EventDate "2017.10.21"]
[EventType "team-tourn"]
[EventRounds "11"]
[EventCountry "SVK"]
[SourceTitle "EXT 2019"]
[Source "ChessBase"]
[SourceDate "2018.10.10"]
[SourceVersion "1"]
[SourceVersionDate "2018.10.10"]
[SourceQuality "1"]
[WhiteTeam "Sabinov"]
[BlackTeam "Presov Tatran"]
[WhiteTeamCountry "SVK"]
[BlackTeamCountry "SVK"]

1. e4 c5 2. Nf3 d6 3. c3 Nf6 4. h3 g6 5. Bd3 Bg7 6. Bc2 0-0 7. d4 cxd4 8. cxd4 Nc6 9. Nc3 e5 10. 0-0 Nh5 11. Be3 Nf4 12. Bxf4 exf4 13. Nd5 f5 14. exf5 Bxf5 15. Bb3 Kh8 16. Nxf4 Be4 17. Ne6 Bxf3 18. gxf3 Qh4 19. f4 Qxh3 20. Re1 Qh4 21. Re4 Rf5 22. Qf3 d5 23. Re3 Nxd4 24. Qg3 Qxg3+ 1/2-1/2

[Event "CZE-chT 1718"]
[Site "Czech Republic"]
[Date "2017.11.19"]
[Round "2.6"]
[White "Svoboda, Svatopluk"]
[Black "Szotkowski, Jakub"]
[Result "1/2-1/2"]
[WhiteElo "2419"]
[BlackElo "2377"]
[PlyCount "91"]
[EventDate "2017.11.18"]
[EventType "team-tourn"]
[EventRounds "11"]
[EventCountry "CZE"]
[SourceTitle "CBM 181 Extra"]
[Source "ChessBase"]
[SourceDate "2017.12.12"]
[SourceVersion "1"]
[SourceVersionDate "2017.12.12"]
[SourceQuality "1"]
[WhiteTeam "Unichess"]
[BlackTeam "Frydek Mistek"]
[WhiteTeamCountry "CZE"]
[BlackTeamCountry "CZE"]

1. e4 c6 2. d4 d5 3. Nd2 dxe4 4. Nxe4 Bf5 5. Ng3 Bg6 6. h4 h6 7. Nf3 Nd7 8. h5 Bh7 9. Bd3 Bxd3 10. Qxd3 e6 11. Bd2 Ngf6 12. 0-0-0 Be7 13. Kb1 0-0 14. Ne4 Nxe4 15. Qxe4 Nf6 16. Qe2 Qd5 17. Be3 Rfd8 18. Ne5 c5 19. Rhe1 Rac8 20. g4 c4 21. g5 hxg5 22. Bxg5 Rc7 23. f3 Rd6 24. h6 g6 25. h7+ Nxh7 26. Bxe7 Rxe7 27. Qh2 g5 28. Rh1 f6 29. Ng4 Rg7 30. Ne3 Qc6 31. Nxc4 Rd8 32. Qe2 Qa6 33. b3 Rgd7 34. Qe4 Qc6 35. Qg6+ Rg7 36. Qd3 b5 37. Nd2 f5 38. Rh6 Qb6 39. Qe2 Nf8 40. c3 Ng6 41. Rdh1 Kf7 42. Qe3 Nf4 43. Qe5 Ng6 44. Qe3 Nf4 45. Qe5 Ng6 46. Qe3 1/2-1/2

[Event "SVK-chT1E 1718"]
[Site "Slovakia"]
[Date "2017.10.21"]
[Round "1.1"]
[White "Svoboda, Svatopluk"]
[Black "Svana, Peter"]
[Result "1-0"]
[WhiteElo "2419"]
[BlackElo "2209"]
[PlyCount "53"]
[EventDate "2017.10.21"]
[EventType "team-tourn"]
[EventRounds "11"]
[EventCountry "SVK"]
[SourceTitle "CBM 181 Extra"]
[Source "ChessBase"]
[SourceDate "2017.12.12"]
[SourceVersion "1"]
[SourceVersionDate "2017.12.12"]
[SourceQuality "1"]
[WhiteTeam "Sabinov"]
[BlackTeam "Kysucke Nove Mesto"]
[WhiteTeamCountry "SVK"]
[BlackTeamCountry "SVK"]

1. e4 c5 2. Nf3 d6 3. d4 cxd4 4. Nxd4 Nf6 5. Nc3 a6 6. Bg5 e6 7. f4 h6 8. Bh4 Nbd7 9. Qe2 Be7 10. 0-0-0 Qc7 11. g4 g5 12. fxg5 hxg5 13. Bxg5 Ne5 14. Rg1 b5 15. a3 Bd7 16. Rg3 Rb8 17. Bh3 Rg8 18. Bf4 a5 19. g5 b4 20. Ncb5 Qc5 21. gxf6 Rxg3 22. hxg3 bxa3 23. Nxa3 Bxf6 24. Bf1 Ng6 25. Be3 Qe5 26. Qf3 Bc6 27. Nc4 1-0

[Event "CZE-chT 1617"]
[Site "Czech Republic"]
[Date "2017.04.02"]
[Round "11.1"]
[White "Biolek, Richard"]
[Black "Svoboda, Svatopluk"]
[Result "1/2-1/2"]
[WhiteElo "2457"]
[BlackElo "2441"]
[PlyCount "71"]
[EventDate "2016.10.08"]
[EventType "team-tourn"]
[EventRounds "11"]
[EventCountry "CZE"]
[SourceTitle "CBM 177 Extra"]
[Source "ChessBase"]
[SourceDate "2017.04.27"]
[SourceVersion "1"]
[SourceVersionDate "2017.04.27"]
[SourceQuality "1"]
[WhiteTeam "Ostrava Labortech"]
[BlackTeam "Jicin"]
[WhiteTeamCountry "CZE"]
[BlackTeamCountry "CZE"]

1. d4 Nf6 2. c4 g6 3. Nc3 d5 4. Bf4 Bg7 5. e3 c5 6. dxc5 Qa5 7. Rc1 dxc4 8. Bxc4 0-0 9. Nf3 Nc6 10. 0-0 Qxc5 11. Nb5 Qh5 12. Nc7 Rb8 13. Nd5 e5 14. Nxf6+ Bxf6 15. Bg3 Qf5 16. e4 Qxe4 17. Qd6 Be7 18. Qd5 Qxd5 19. Bxd5 Be6 20. Bxe6 fxe6 21. Nxe5 Nxe5 22. Bxe5 Rbc8 23. g3 Kf7 24. Rfd1 Rxc1 25. Rxc1 Bd8 26. Bd4 a6 27. Kg2 Re8 28. Rc8 Ba5 29. Rxe8 Kxe8 30. g4 Bc7 31. h3 Kd7 32. Kf3 e5 33. Be3 Ke6 34. Ke4 Bd6 35. Bb6 Bb8 36. Be3 1/2-1/2

[Event "CZE-chT 1617"]
[Site "Czech Republic"]
[Date "2017.02.26"]
[Round "8.7"]
[White "Svoboda, Svatopluk"]
[Black "Kratochvil, Vit"]
[Result "1-0"]
[WhiteElo "2441"]
[BlackElo "2252"]
[PlyCount "77"]
[EventDate "2016.10.08"]
[EventType "team-tourn"]
[EventRounds "11"]
[EventCountry "CZE"]
[SourceTitle "CBM 177 Extra"]
[Source "ChessBase"]
[SourceDate "2017.04.27"]
[SourceVersion "1"]
[SourceVersionDate "2017.04.27"]
[SourceQuality "1"]
[WhiteTeam "Jicin"]
[BlackTeam "Brno Lokomotiva"]
[WhiteTeamCountry "CZE"]
[BlackTeamCountry "CZE"]

1. e4 Nf6 2. e5 Nd5 3. d4 d6 4. Nf3 g6 5. Bc4 Nb6 6. Bb3 Bg7 7. Ng5 d5 8. 0-0 h6 9. Nf3 a5 10. c3 0-0 11. Nh4 Na6 12. Bc2 c5 13. a3 Bd7 14. Qe2 e6 15. Qg4 Nc8 16. Nf3 Ne7 17. Qh3 Kh7 18. Bg5 Qe8 19. Nbd2 Rc8 20. Rac1 Rh8 21. Bf6 b5 22. Qh4 Nc6 23. Nb3 c4 24. Nbd2 Nc7 25. b4 Ra8 26. Ra1 Qf8 27. Rfb1 Ra7 28. Nf1 Bxf6 29. exf6 Qd8 30. Ne3 Ne8 31. Ng4 Kg8 32. Nxh6+ Kf8 33. Nxf7 Rxh4 34. Nxd8 Rh6 35. Nxc6 Bxc6 36. Ne5 Ba8 37. f7 Nf6 38. bxa5 Rxa5 39. a4 1-0

[Event "Marianske Lazne GM-A1 16th"]
[Site "Marianske Lazne"]
[Date "2017.01.27"]
[Round "8"]
[White "Svoboda, Svatopluk"]
[Black "Krishna Teja, N."]
[Result "1/2-1/2"]
[WhiteElo "2445"]
[BlackElo "2276"]
[PlyCount "21"]
[EventDate "2017.01.21"]
[EventType "tourn"]
[EventRounds "9"]
[EventCountry "CZE"]
[EventCategory "8"]
[SourceTitle "CBM 176 Extra"]
[Source "ChessBase"]
[SourceDate "2017.03.02"]
[SourceVersion "1"]
[SourceVersionDate "2017.03.02"]
[SourceQuality "1"]

1. e4 e6 2. d4 d5 3. exd5 exd5 4. Qf3 c6 5. Bd3 Qf6 6. Qxf6 Nxf6 7. Bf4 Nh5 8. Be3 Bd6 9. Ne2 Be6 10. h3 f5 11. f4 1/2-1/2

[Event "Marianske Lazne GM-A1 16th"]
[Site "Marianske Lazne"]
[Date "2017.01.24"]
[Round "4"]
[White "Sergeev, Vladimir"]
[Black "Svoboda, Svatopluk"]
[Result "1-0"]
[WhiteElo "2443"]
[BlackElo "2445"]
[PlyCount "121"]
[EventDate "2017.01.21"]
[EventType "tourn"]
[EventRounds "9"]
[EventCountry "CZE"]
[EventCategory "8"]
[SourceTitle "CBM 176 Extra"]
[Source "ChessBase"]
[SourceDate "2017.03.02"]
[SourceVersion "1"]
[SourceVersionDate "2017.03.02"]
[SourceQuality "1"]

1. d4 e6 2. Bf4 f5 3. e3 Nf6 4. Nf3 d5 5. c4 Bd6 6. Nc3 0-0 7. Rc1 c6 8. Bxd6 Qxd6 9. Be2 Nbd7 10. 0-0 Ne4 11. a3 b6 12. b4 Bb7 13. Qb3 Ndf6 14. Nxe4 Nxe4 15. Rc2 Qe7 16. Ne5 Rac8 17. Rfc1 c5 18. cxd5 exd5 19. bxc5 bxc5 20. dxc5 Qxe5 21. Qxb7 Rc7 22. Qb3 Rfc8 23. c6 Kf7 24. h3 Rd8 25. Bd3 Nf6 26. g3 Rdc8 27. Rc5 Rd8 28. a4 Rdc8 29. a5 Rd8 30. Rb5 Ng8 31. Rb7 Ne7 32. Ba6 Rdc8 33. Rxc7 Rxc7 34. Bb7 h5 35. Qb4 g5 36. h4 f4 37. exf4 gxf4 38. gxf4 Qf6 39. a6 Ng6 40. Qa5 Qd6 41. Kf1 Nxf4 42. Re1 Kf8 43. Qd2 Rf7 44. Qd4 Ng6 45. Qe3 Kg7 46. Qd4+ Kf8 47. c7 Qxc7 48. Bxd5 Rf4 49. Qe3 Qe7 50. Be4 Kg7 51. Bxg6 Qxe3 52. Rxe3 Kxg6 53. Re7 Kf5 54. Rxa7 Kg4 55. Ra8 Kxh4 56. a7 Ra4 57. Kg2 Ra2 58. Kf3 Ra4 59. Ke3 Kh3 60. f4 h4 61. f5 1-0